[Event "27th Kavala Open 2018"]
[Site "Kavala"]
[Date "2018.08.07"]
[Round "4"]
[White "Neelotpal, Das"]
[Black "Tsakiris, Haralambos"]
[Result "1-0"]
[WhiteElo "2429"]
[BlackElo "2228"]
[Annotator "TA"]
[PlyCount "77"]
[EventDate "2018.08.06"]
[EventType "swiss"]
[EventCountry "GRE"]
[SourceTitle "playchess.com"]
[Source "ChessBase"]
[SourceQuality "1"]

{[%evp 15,77,16,25,14,6,23,25,-12,-4,-16,-20,-18,-17,-22,-17,-60,5,0,0,0,0,0,30,14,72,68,62,61,293,291,352,345,361,365,361,365,373,337,372,370,535,404,389,388,374,408,331,93,102,130,955,946,882,790,789,735,708,681,665,560,720,722,954,994]} 1. e4 e5 2. Bc4 Nf6 3. d3 c6 4. Nf3 d5 5. Bb3 a5 6. a4 {C24: Bishop's Opening: 2...Nf6} Bb4+ 7. c3 Bd6 8. exd5 cxd5 {LiveBook: 12 Games} 9. O-O O-O 10. Bg5 Be6 11. d4 $146 ({Predecessor:} 11. Re1 Nbd7 12. Na3 Re8 13. Nb5 Bb8 {1-0 (50) Kovalenko,I (2632)-Sulskis,S (2506) Palanga 2018}) 11... e4 12. Ne5 h6 13. Bh4 Nc6 {[%cal Bb8c6,Bc6e7,Be7g6][%mdl 32]} 14. f4 Ne7 15. Bf2 Bxe5 (15... Ne8 $15) 16. fxe5 Ng4 17. Na3 Ng6 18. Qd2 f5 {[#] ...f4 is the strong threat.} 19. exf6 $1 gxf6 (19... Nxf2 $11 {remains equal.} 20. Rxf2 Rxf6) 20. Bg3 {And now h3 would win.} f5 $1 21. h3 Nf6 $2 (21... f4 $1 $14 22. hxg4 Qg5) 22. Qxh6 $18 Kf7 23. Nb5 {[#] aiming for Nd6+.} Rh8 24. Qe3 Ra6 25. Rf2 Nh5 26. Bc7 Qh4 27. Raf1 Ke7 (27... Kg7 $142 28. Rxf5 Bxf5) 28. Rxf5 Bxf5 29. Rxf5 Rf6 30. Rxd5 Nhf4 31. Bd6+ $2 (31. Bxa5 Nxd5 32. Bxd5 Nf4 $15) (31. Qxe4+ $18 {has better winning chances.} Kf8 32. Bxf4 Rxf4 33. Qe2 (33. Qxg6 Qf2+ 34. Kh1 Qf1+ 35. Kh2 Rxh3+ 36. gxh3 Rf2+ 37. Kg3 Rg2+ 38. Kh4 Rxg6 39. Rd8+ Ke7 40. Re8+ Kxe8 41. Nc7+ Kd7 42. Ne6 Qf6+ 43. Kh5 Rg3 44. Nf8+ Ke7 45. Nh7 Qf5+ 46. Kh6 Qxh3#)) 31... Rxd6 $16 32. Rxd6 ({Worse is} 32. Nxd6 Nxd5 33. Nf5+ Kf6 $17) 32... Qg5 $2 {[%mdl 8192]} (32... Nxg2 $16 33. Re6+ (33. Kxg2 Nf4+ 34. Kh2 Qxh3+ 35. Qxh3 Rxh3+ 36. Kg1 e3 $11) 33... Kd8 34. Kxg2 (34. Rd6+ Ke7 $18) 34... Nf4+ 35. Kh2 Qg4 36. Rd6+ Kc8 37. Be6+ Nxe6) 33. Qxe4+ $18 {White is clearly winning.} Kf8 34. Be6 Rxh3 35. Qf5+ Qxf5 36. Bxf5 Rg3 37. Bxg6 Rxg2+ 38. Kf1 Rxg6 39. Rxg6 {Precision: White = 60%, Black = 49%.} 1-0

[Event "27th Kavala Open 2018"]
[Site "Kavala"]
[Date "2018.08.07"]
[Round "4"]
[White "Bulmaga, Irina"]
[Black "Iskos, Alexandros"]
[Result "1/2-1/2"]
[WhiteElo "2401"]
[BlackElo "2179"]
[Annotator "NA"]
[PlyCount "85"]
[EventDate "2018.08.06"]
[EventType "swiss"]
[EventCountry "GRE"]
[SourceTitle "playchess.com"]
[Source "ChessBase"]
[SourceQuality "1"]
[TimeControl "40/5400+30:900+30"]

1. e4 {[%emt 0:00:04]} d5 {[%emt 0:00:04]} 2. exd5 {[%emt 0:00:08]} Qxd5 {[%emt 0:00:03]} 3. Nc3 {[%emt 0:00:11]} Qd8 {[%emt 0:00:04]} 4. d4 {[%emt 0:00:26]} Nf6 {[%emt 0:00:02]} 5. Nf3 {[%emt 0:00:17]} Bg4 {[%emt 0:00:31]} 6. h3 {[%emt 0:00:54]} Bxf3 {[%emt 0:00:11]} 7. Qxf3 {[%emt 0:00:09]} c6 {[%emt 0:00:04]} 8. Be3 {[%emt 0:14:11]} e6 {[%emt 0:00:07]} 9. Be2 {[%emt 0:01:28]} Nbd7 {[%emt 0:01:00]} 10. O-O {[%emt 0:02:04]} Bd6 {[%emt 0:01:45]} 11. Ne4 {[%emt 0:11:49]} Nxe4 12. Qxe4 {[%emt 0:00:03]} Nf6 {[%emt 0:01:51]} 13. Qf3 {[%emt 0:00:08]} O-O {[%emt 0:01:19]} 14. Rfd1 {[%emt 0:06:53]} Qc7 {[%emt 0:03:56]} 15. c4 {[%emt 0:07:11]} Rad8 {[%emt 0:23:08]} 16. Bd3 {[%emt 0:03:37]} Rd7 {[%emt 0:05:37]} 17. Rac1 {[%emt 0:05:30]} Qb8 {[%emt 0:00:14]} 18. Bb1 {[%emt 0:06:30]} Rfd8 {[%emt 0:03:32]} 19. g3 {[%emt 0:03:44]} Be7 {[%emt 0:03:09]} 20. Kg2 {[%emt 0:00:39]} Ne8 {[%emt 0:18:51]} 21. Bf4 {[%emt 0:04:22]} Qa8 {[%emt 0:02:28]} 22. d5 {[%emt 0:09:01]} cxd5 {[%emt 0:04:22]} 23. cxd5 {[%emt 0:00:06]} Rxd5 {[%emt 0:00:05]} 24. Be4 {[%emt 0:01:22]} R5d7 {[%emt 0:01:22]} 25. Be5 {[%emt 0:08:16]} a5 {[%emt 0:02:20]} 26. Rxd7 {[%emt 0:01:44]} Rxd7 {[%emt 0:00:03]} 27. Qc3 {[%emt 0:03:22]} Rd8 {[%emt 0:13:24]} 28. Qb3 {[%emt 0:00:28]} Nd6 {[%emt 0:03:58]} 29. Bxd6 {[%emt 0:04:30]} Bxd6 {[%emt 0:00:17]} 30. Bxb7 {[%emt 0:02:37]} Qb8 {[%emt 0:00:43]} 31. Qf3 {[%emt 0:01:29]} g6 {[%emt 0:00:02]} 32. b3 {[%emt 0:01:13]} Bb4 {[%emt 0:02:11]} 33. Rc2 {[%emt 0:01:13]} Qd6 {[%emt 0:00:18]} 34. h4 {[%emt 0:00:48]} h5 {[%emt 0:02:17]} 35. Be4 {[%emt 0:00:28]} Kg7 {[%emt 0:01:24]} 36. Rc6 {[%emt 0:00:24]} Qe5 {[%emt 0:00:43]} 37. Rc2 {[%emt 0:00:19]} Rd2 {[%emt 0:00:59]} 38. Rxd2 {[%emt 0:00:48]} Bxd2 {[%emt 0:00:02]} 39. Qd3 {[%emt 0:00:29]} Bb4 {[%emt 0:01:29]} 40. Bf3 {[%emt 0:00:00]} Qb2 {[%emt 0:00:00]} 41. Qe2 {[%emt 0:01:43]} Qxe2 {[%emt 0:06:11]} 42. Bxe2 {[%emt 0:00:06]} f5 {[%emt 0:01:03]} 43. f4 {[%emt 0:00:55]} 1/2-1/2

[Event "27th Kavala Open 2018"]
[Site "Kavala"]
[Date "2018.08.07"]
[Round "4"]
[White "Gouloutis, Nikolaos"]
[Black "Liodakis, Konstantinos-Spyros"]
[Result "0-1"]
[WhiteElo "2391"]
[BlackElo "2172"]
[Annotator "NA"]
[PlyCount "82"]
[EventDate "2018.08.06"]
[EventType "swiss"]
[EventCountry "GRE"]
[SourceTitle "playchess.com"]
[Source "ChessBase"]
[SourceQuality "1"]
[TimeControl "40/5400+30:900+30"]

1. d4 {[%emt 0:07:15]} Nf6 {[%emt 0:00:03]} 2. c4 {[%emt 0:00:24]} g6 {[%emt 0:00:12]} 3. Nc3 {[%emt 0:00:05]} Bg7 {[%emt 0:00:03]} 4. e4 {[%emt 0:00:09]} d6 {[%emt 0:00:03]} 5. Bd3 {[%emt 0:01:07]} O-O {[%emt 0:00:25]} 6. Nge2 {[%emt 0:00:06]} e5 {[%emt 0:00:29]} 7. d5 {[%emt 0:00:09]} c6 {[%emt 0:00:50]} 8. O-O {[%emt 0:00:59]} Na6 {[%emt 0:02:44]} 9. Ng3 {[%emt 0:32:28]} h5 {[%emt 0:13:09]} 10. Bg5 {[%emt 0:00:58]} Qc7 {[%emt 0:01:35]} 11. Rc1 {[%emt 0:04:49]} Nh7 {[%emt 0:01:28]} 12. Be3 {[%emt 0:00:05]} h4 {[%emt 0:00:15]} 13. Nh1 {[%emt 0:00:04]} f5 {[%emt 0:05:47]} 14. exf5 {[%emt 0:01:40]} gxf5 {[%emt 0:00:09]} 15. f4 {[%emt 0:00:07]} Nf6 {[%emt 0:05:46]} 16. Nf2 {[%emt 0:07:16]} Qe7 {[%emt 0:13:28]} 17. Be2 {[%emt 0:07:39]} c5 {[%emt 0:06:51]} 18. fxe5 {[%emt 0:10:11]} dxe5 {[%emt 0:06:51]} 19. Bg5 {[%emt 0:00:05]} Qf7 {[%emt 0:04:44]} 20. Nd3 {[%emt 0:03:17]} h3 {[%emt 0:04:25]} 21. Nxe5 {[%emt 0:02:25]} Qe8 {[%emt 0:00:02]} 22. Bf4 {[%emt 0:05:33]} Ng4 {[%emt 0:01:54]} 23. Nf3 {[%emt 0:08:21]} Ne3 {[%emt 0:01:49]} 24. Bxe3 Qxe3+ {[%emt 0:00:04]} 25. Kh1 {[%emt 0:00:20]} Bh6 {[%emt 0:03:55]} 26. Ra1 {[%emt 0:02:06]} hxg2+ {[%emt 0:01:39]} 27. Kxg2 {[%emt 0:00:05]} Qe8 {[%emt 0:02:03]} 28. Bd3 {[%emt 0:02:45]} Kh8 {[%emt 0:02:17]} 29. Qe2 {[%emt 0:00:18]} Be3 {[%emt 0:04:42]} 30. Rae1 {[%emt 0:01:46]} f4 {[%emt 0:00:33]} 31. Ng5 {[%emt 0:00:30]} Nb4 {[%emt 0:05:47]} 32. Bb1 {[%emt 0:00:06]} Bf5 {[%emt 0:01:17]} 33. Bxf5 {[%emt 0:01:29]} Rxf5 {[%emt 0:00:01]} 34. h4 {[%emt 0:00:10]} Qg6 {[%emt 0:00:21]} 35. Rf3 {[%emt 0:02:10]} Nc2 {[%emt 0:00:11]} 36. Rh1 {[%emt 0:00:22]} Nd4 {[%emt 0:00:06]} 37. Qd1 {[%emt 0:00:09]} Re8 {[%emt 0:02:09]} 38. Kh3 {[%emt 0:00:47]} Rxg5 {[%emt 0:00:55]} 39. hxg5 {[%emt 0:00:13]} Qxg5 {[%emt 0:00:03]} 40. Kh2 {[%emt 0:00:00]} Nxf3+ {[%emt 0:00:00]} 41. Qxf3 {[%emt 0:01:02]} Re7 {[%emt 0:00:15]} 0-1

[Event "27th Kavala Open 2018"]
[Site "Kavala"]
[Date "2018.08.07"]
[Round "4"]
[White "Ambartsumova, Karina"]
[Black "Kakushadze, Ilia"]
[Result "1/2-1/2"]
[WhiteElo "2377"]
[BlackElo "2149"]
[Annotator "NA"]
[PlyCount "55"]
[EventDate "2018.08.06"]
[EventType "swiss"]
[EventCountry "GRE"]
[SourceTitle "playchess.com"]
[Source "ChessBase"]
[SourceQuality "1"]
[TimeControl "40/5400+30:900+30"]

1. e4 {[%emt 0:00:14]} c5 {[%emt 0:00:07]} 2. Nf3 {[%emt 0:00:15]} g6 {[%emt 0:00:13]} 3. d4 {[%emt 0:01:12]} cxd4 {[%emt 0:00:10]} 4. Qxd4 {[%emt 0:01:05]} Nf6 {[%emt 0:00:10]} 5. Nc3 {[%emt 0:01:30]} Nc6 {[%emt 0:00:20]} 6. Qa4 {[%emt 0:00:10]} d6 {[%emt 0:00:23]} 7. e5 {[%emt 0:00:47]} dxe5 {[%emt 0:00:14]} 8. Nxe5 {[%emt 0:00:09]} Bg7 {[%emt 0:00:37]} 9. Bb5 {[%emt 0:05:06]} O-O {[%emt 0:00:10]} 10. Nxc6 {[%emt 0:00:59]} bxc6 {[%emt 0:00:06]} 11. Bxc6 {[%emt 0:00:06]} Bd7 {[%emt 0:00:16]} 12. O-O {[%emt 0:06:34]} Rc8 {[%emt 0:00:33]} 13. Bxd7 Qxd7 {[%emt 0:00:06]} 14. Qa5 {[%emt 0:14:06]} Ng4 {[%emt 0:08:40]} 15. Bf4 {[%emt 0:03:21]} Rc4 {[%emt 0:02:09]} 16. Rad1 {[%emt 0:11:48]} Bxc3 {[%emt 0:07:47]} 17. bxc3 {[%emt 0:12:44]} Qa4 {[%emt 0:02:12]} 18. Qxa4 {[%emt 0:07:14]} Rxa4 {[%emt 0:00:14]} 19. Rd4 {[%emt 0:00:11]} Rxa2 {[%emt 0:04:59]} 20. Bg5 {[%emt 0:00:48]} f6 {[%emt 0:06:54]} 21. Rxg4 {[%emt 0:01:46]} fxg5 {[%emt 0:00:06]} 22. Rxg5 {[%emt 0:04:02]} Rc8 {[%emt 0:14:39]} 23. Re5 {[%emt 0:03:57]} Rc7 {[%emt 0:01:53]} 24. h4 {[%emt 0:02:07]} Rxc2 {[%emt 0:00:25]} 25. Rfe1 {[%emt 0:00:17]} Kf8 {[%emt 0:06:51]} 26. R1e3 {[%emt 0:00:57]} R2xc3 {[%emt 0:00:56]} 27. Rxe7 {[%emt 0:00:20]} a5 {[%emt 0:00:07]} 28. Re8+ {[%emt 0:02:03]} 1/2-1/2

[Event "27th Kavala Open 2018"]
[Site "Kavala"]
[Date "2018.08.07"]
[Round "4"]
[White "Naoum, Spyridon"]
[Black "Dimitrov, Radoslav"]
[Result "0-1"]
[WhiteElo "2302"]
[BlackElo "2518"]
[Annotator "TA"]
[PlyCount "72"]
[EventDate "2018.08.06"]
[EventType "swiss"]
[EventCountry "GRE"]
[SourceTitle "playchess.com"]
[Source "ChessBase"]
[SourceQuality "1"]

{[%evp 13,72,7,11,0,5,0,0,-7,6,-47,-52,-37,-40,-51,-61,-41,-22,-60,-51,-51,-48,-55,-54,-42,-27,-35,-23,-27,-12,-6,0,0,0,0,0,0,0,-61,0,0,0,0,20,16,22,0,0,0,0,0,0,0,0,0,0,0,0,0,8,0,8]} 1. d4 Nf6 2. c4 e6 3. Nc3 Bb4 4. g3 c5 5. Nf3 Nc6 6. Bg2 Ne4 {E20: Nimzo-Indian: 4 g3 and 4 f3} 7. Qc2 (7. Bd2 Nxd2 8. Qxd2 cxd4 9. Nxd4 O-O 10. Nc2 Be7 11. O-O a6 12. Rfd1 Rb8 13. Ne4 b6 14. Rac1 Qc7 15. Nd6 Bb7 16. Nxb7 Rxb7 {1-0 (82) Mamedyarov,S (2799)-Ivanchuk,V (2726) Huaian 2017}) 7... cxd4 {LiveBook: 4 Games} 8. Nxd4 Nxc3 $1 9. bxc3 Nxd4 10. Qd2 {[#]} Nf3+ $146 {[%mdl 512]} ({Predecessor:} 10... Nc2+ 11. Qxc2 Bc5 12. O-O O-O 13. Rb1 Rb8 14. Bf4 d6 15. Rfd1 {½-½ (15) Ubilava,E (2495)-Suba,M (2414) La Roda 2013}) 11. exf3 (11. Bxf3 $11 Bc5 12. Qd3) 11... Bc5 $15 12. O-O b6 13. f4 Rb8 14. Rd1 Bb7 15. f5 Bxg2 16. Kxg2 Rc8 17. Qd3 O-O 18. h4 Qe7 19. Bg5 f6 20. Bf4 e5 21. Bc1 Rc7 22. a4 a5 23. Rb1 Rfc8 24. Be3 Bxe3 25. fxe3 (25. Qxe3 $11 Qa3 26. Qd3) 25... Qc5 (25... Qa3 $15) 26. Qd5+ $11 {The position is equal.} Qxd5+ 27. Rxd5 {[%mdl 4096] Endgame KRR-KRR} Kf8 28. Rxb6 Ke7 $1 29. Rxa5 Rxc4 30. Rd5 Rxa4 31. Rb7 Rd8 32. Rc7 g6 33. fxg6 hxg6 {[%cal Bh7g6,Bg6g5][%mdl 32]} 34. c4 Ke6 35. Rd2 Ra3 36. Kf3 g5 {[%mdl 32768] Precision: White = 69%, Black = 54%. . Loss on Time!?} 0-1

[Event "27th Kavala Open 2018"]
[Site "Kavala"]
[Date "2018.08.07"]
[Round "4"]
[White "Megalios, Konstantinos"]
[Black "Maghalashvili, Davit"]
[Result "1/2-1/2"]
[WhiteElo "2292"]
[BlackElo "2508"]
[Annotator "TA"]
[PlyCount "43"]
[EventDate "2018.08.06"]
[EventType "swiss"]
[EventCountry "GRE"]
[SourceTitle "playchess.com"]
[Source "ChessBase"]
[SourceQuality "1"]

{[%evp 20,22,-7,-8,-8]} 1. e4 c5 2. Nf3 d6 3. Bb5+ Bd7 4. Bxd7+ Qxd7 5. O-O Nc6 6. c3 Nf6 {[%cal Bg8f6,Bf6e4,Be4d2][%mdl 32]} 7. Re1 e6 8. d4 cxd4 9. cxd4 d5 10. e5 Ne4 11. Nbd2 {LiveBook: 469 Games} Nxd2 $1 {B52: Sicilian: Moscow Variation with 3...Bd7} {Predecessor:} 12. Bxd2 $146 Be7 13. Rc1 O-O 14. Rc3 Rfc8 15. h4 Bd8 16. Rd3 Qc7 17. Ng5 h6 18. Nh3 Ne7 19. Bc3 b5 20. Nf4 Nf5 21. Qg4 Bxh4 22. Nh5 {½-½ (52) Nakamura,H (2769)-Grischuk,A (2766) Paris 2018} 1/2-1/2

[Event "27th Kavala Open 2018"]
[Site "Kavala"]
[Date "2018.08.07"]
[Round "4"]
[White "Avramidou, Anastasia"]
[Black "Nevednichy, Vladislav"]
[Result "1/2-1/2"]
[WhiteElo "2271"]
[BlackElo "2550"]
[Annotator "TA"]
[PlyCount "71"]
[EventDate "2018.08.06"]
[EventType "swiss"]
[EventCountry "GRE"]
[SourceTitle "playchess.com"]
[Source "ChessBase"]
[SourceQuality "1"]

{[%evp 11,71,59,68,42,49,37,25,28,37,32,40,0,0,0,0,-48,38,38,32,33,38,35,42,29,50,47,108,50,108,0,5,2,9,25,31,39,27,19,56,55,64,44,63,78,62,10,26,6,45,0,25,9,28,0,0,0,0,0,0,0,44,44]} 1. d4 g6 2. c4 Bg7 3. e4 d6 4. Nc3 c5 5. d5 e6 6. Bd3 Ne7 {LiveBook: 92 Games} 7. Bg5 {A43: Schmid Benoni} (7. h4 h6 8. Be3 exd5 9. cxd5 a6 10. a4 Nd7 11. Nf3 Nf6 12. Nd2 Ng4 {½-½ (12) Volkov,S (2612)-Kokarev,D (2608) Serpukhov 2018}) 7... h6 8. Bh4 O-O 9. Nge2 {White has an edge.} a6 $146 ({Predecessor:} 9... Na6 10. O-O g5 11. Bg3 e5 12. a3 Ng6 13. Rb1 Kh8 14. f3 Nf4 {0-1 (59) Vehkalahti,V-Puranen,J (2299) Lahti 1999}) 10. a4 exd5 11. exd5 Nd7 12. f4 Nf6 13. Ng3 Re8 ({Better is} 13... Ng4 $15 14. Qe2 g5 15. fxg5 Ng6 16. Bxg6 fxg6) 14. O-O $14 Ng4 15. Qd2 f5 16. Rae1 Kf7 17. Re2 Bd7 18. Rfe1 {Black must now prevent Rxe7+.} Nf6 (18... Bd4+ $14 19. Kh1 Kg8) 19. Nh1 ({Of course not} 19. Bxf6 $6 Bxf6 20. Nf1 Qb6 $11) (19. Nf1 $16) 19... Qb6 {[#]} (19... Nfg8 $14) 20. Nf2 (20. g4 $1 $16) 20... Neg8 $11 21. g4 {Threatens to win with gxf5.} Rxe2 $1 22. Rxe2 {gxf5 is the strong threat.} ({Much worse is} 22. Qxe2 Re8 $17) 22... Re8 23. gxf5 gxf5 24. Rxe8 Kxe8 25. Qc2 ({Reject} 25. a5 Qxa5 26. Nfd1 Ne7 $11) 25... Ne7 $1 26. Nfd1 Qc7 27. Ne3 {[%cal Rd3f5]} Qc8 28. Qe2 (28. Ne2 $14) 28... Kf7 29. Qf3 Qg8 30. Kf1 Bh8 31. Ne2 Ng4 32. Nxg4 Qxg4 33. Qxg4 fxg4 34. Bxe7 Kxe7 35. b3 Kd8 36. Ng3 {Precision: White = 48%, Black = 37%.} 1/2-1/2

[Event "27th Kavala Open 2018"]
[Site "Kavala"]
[Date "2018.08.07"]
[Round "4"]
[White "Alexakis, Dimitris"]
[Black "Ivanov, Sergey"]
[Result "1-0"]
[WhiteElo "2266"]
[BlackElo "2535"]
[Annotator "TA"]
[PlyCount "69"]
[EventDate "2018.08.06"]
[EventType "swiss"]
[EventCountry "GRE"]
[SourceTitle "playchess.com"]
[Source "ChessBase"]
[SourceQuality "1"]

{[%evp 20,69,-40,-39,-45,-76,-59,-66,-60,-68,-51,-52,-42,-70,-46,-40,-41,-52,-45,-49,0,0,0,5,32,-32,0,-35,-38,-19,0,-28,-16,-18,-20,-16,-19,-18,-26,-54,-49,-43,12835,12835,29994,29995,29995,29996,29996,29997,29997,29998]} 1. e4 e6 2. d4 d5 3. Nc3 Bb4 4. e5 Ne7 5. f4 c5 6. Bd2 Nf5 7. Nf3 {C17: French: 3 Nc3 Bb4 4 e5 c5 sidelines} cxd4 8. Nb5 Bc5 9. b4 (9. Bd3 Nc6 10. g4 Ne3 11. Bxe3 dxe3 12. c3 a6 13. Nbd4 Bxd4 14. Nxd4 Qh4+ {0-1 (14) Kantane,A (2259)-Holt,C (2567) chess.com INT 2017}) 9... Be7 10. Nbxd4 Nxd4 11. Nxd4 {LiveBook: 6 Games} Nc6 12. Bb5 Qb6 $146 ({Predecessor:} 12... Bd7 13. Bxc6 bxc6 14. Nb3 Qb6 {½-½ (49) De Almeida,B (2172)-Jatoba de Oliveira Reis,P (2410) Recife 2012}) 13. c3 O-O 14. Bxc6 $1 bxc6 15. Be3 c5 16. bxc5 Qxc5 17. O-O Qxc3 18. Rf3 Bd7 19. f5 Ba4 20. Qf1 {[#]} Bg5 $1 {[%mdl 512]} 21. Bf2 (21. Bxg5 Qxd4+) 21... Qd2 22. h4 (22. fxe6 $14 fxe6 23. Rxf8+ Rxf8 24. Nf3) 22... Bh6 (22... Bxh4 $5 23. Be3 Qb4 $11) 23. fxe6 fxe6 24. Qa6 Bd7 25. Qd6 Rxf3 26. Nxf3 Qb2 27. Rf1 Qb7 28. Ng5 Bxg5 29. Bc5 {[#] White wants to mate with Rf8+.} Be3+ 30. Bxe3 {Hoping for Qe7.} Qc6 $2 {[%mdl 8192]} (30... Re8 $15) 31. Qe7 $18 h6 32. Rf7 {White mates.} Kh8 33. Rxg7 Qc2 34. Qf6 Qb1+ 35. Kh2 {Precision: White = 61%, Black = 38%.} 1-0

[Event "27th Kavala Open 2018"]
[Site "Kavala"]
[Date "2018.08.07"]
[Round "4"]
[White "Papadopoulos, Nikolaos"]
[Black "Petrov, Martin"]
[Result "0-1"]
[WhiteElo "2258"]
[BlackElo "2456"]
[Annotator "TA"]
[PlyCount "80"]
[EventDate "2018.08.06"]
[EventType "swiss"]
[EventCountry "GRE"]
[SourceTitle "playchess.com"]
[Source "ChessBase"]
[SourceQuality "1"]

{[%evp 23,80,-50,-33,-89,-70,-109,-108,-197,-198,-181,-189,-223,-76,-122,-103,-116,-102,-161,-161,-161,-161,-158,-161,-162,-156,-154,-152,-155,-153,-153,-122,-130,-126,-151,-130,-193,-208,-195,-196,-192,-201,-252,-254,-243,-240,-322,-257,-388,-403,-441,-444,-487,-479,-547,-547,-616,-622,-574,-521]} 1. e4 c5 2. Nf3 d6 3. d4 cxd4 4. Nxd4 Nf6 5. Nc3 a6 6. Nb3 e5 7. Be2 Be7 8. f4 O-O {B92: Sicilian Najdorf: 6 Be2} 9. Be3 b5 (9... a5 10. a4 Nc6 11. O-O Nb4 12. Bf3 Bd7 13. Kh1 Bc6 14. Qe2 Re8 15. Qf2 Qc8 16. Rad1 Bf8 17. fxe5 dxe5 18. Bb6 Ra6 19. Rd2 Qe6 20. Nxa5 Bd7 21. Bc7 {1-0 (65) Harmon Vellotti,L (2454)-Dragun,K (2614) chess.com INT 2017}) 10. O-O Bb7 11. Bf3 Nbd7 12. Kh1 Rc8 {LiveBook: 3 Games} 13. Qd3 $146 ({White should try} 13. Nd5 $15) ({Predecessor:} 13. Nd5 Bxd5 14. exd5 e4 15. Be2 Nb6 16. Bxb6 Qxb6 17. Nd4 Rfe8 18. Nf5 {0-1 (34) Licardo,R (2215)-Fercec,N (2441) Pula 2016}) 13... Qc7 14. Rf2 Nb6 15. Nd5 (15. Na5 $17 {was called for.}) 15... Nfxd5 $19 16. exd5 Nc4 17. fxe5 Nxe5 (17... Nxb2 $19 {and Black stays clearly on top.} 18. Qf5 Nc4 19. exd6 (19. Be4 $2 g6 $19) 19... Nxe3) 18. Qf5 g6 19. Qh3 Bf6 20. Be4 {[#]} (20. c3 $17) 20... Bg7 $1 21. c3 Rce8 22. Bd4 f5 23. Bf3 Qf7 24. Rd1 Bxd5 25. Bxd5 Qxd5 26. Rff1 Ng4 {Strongly threatening ...Bxd4.} 27. Bg1 ({Don't go for} 27. Bxg7 $2 {[#]} Nf2+ $1 {[%mdl 512]} 28. Kg1 Nxh3+ $19) 27... Qc4 28. Qd3 Re2 29. Qxc4+ (29. Qxd6 $17 Rxb2 30. Nd4) 29... bxc4 30. Na5 Rxb2 31. Nxc4 Rxa2 32. Ra1 Rxa1 33. Rxa1 Bxc3 34. Ra3 d5 {[%cal Bd6d5,Bd5c4,Bc4c3,Bc3c2][%mdl 32]} 35. Rxc3 (35. Nb6 {only move.} d4 36. Nd5) 35... Rc8 (35... dxc4 $2 36. Rxc4 Ra8 37. Ra4 $19) 36. h3 Nf6 {Black is clearly winning.} (36... Rxc4 $2 37. Rxc4 dxc4 38. hxg4 $19) ({Weaker is} 36... dxc4 37. hxg4 fxg4 38. Kh2 $11) 37. Bd4 Ne4 ({Not} 37... dxc4 38. Bxf6 Kf7 39. Bg5 $11) 38. Ra3 {Ne5 is the strong threat.} dxc4 39. Rxa6 c3 40. Ra1 c2 {Precision: White = 44%, Black = 68%.} 0-1

[Event "27th Kavala Open 2018"]
[Site "Kavala"]
[Date "2018.08.07"]
[Round "4"]
[White "Papasimakopoulos, Alexandros"]
[Black "Iljin, Artem"]
[Result "0-1"]
[WhiteElo "2223"]
[BlackElo "2520"]
[Annotator "ChessBase"]
[PlyCount "82"]
[EventDate "2018.08.06"]
[EventType "swiss"]
[EventCountry "GRE"]
[SourceTitle "playchess.com"]
[Source "ChessBase"]
[SourceQuality "1"]
[TimeControl "40/5400+30:900+30"]

1. d4 {[%emt 0:00:03]} d5 {[%emt 0:01:13]} 2. c4 {[%emt 0:00:05]} e6 {[%emt 0:00:06]} 3. Nc3 {[%emt 0:00:04]} Nf6 {[%emt 0:00:27]} 4. cxd5 {[%emt 0:00:05]} exd5 {[%emt 0:00:14]} 5. Bg5 {[%emt 0:00:05]} c6 {[%emt 0:00:35]} 6. Qc2 {[%emt 0:00:06]} Be7 {[%emt 0:00:28]} 7. e3 {[%emt 0:00:06]} Nbd7 {[%emt 0:00:57]} 8. Bd3 {[%emt 0:00:06]} h6 {[%emt 0:00:28]} 9. Bh4 {[%emt 0:00:06]} Nh5 {[%emt 0:00:17]} 10. Bxe7 {[%emt 0:00:05]} Qxe7 {[%emt 0:00:04]} 11. Nge2 {[%emt 0:00:06]} Nb6 {[%emt 0:00:38]} 12. O-O-O {[%emt 0:00:07]} Be6 {[%emt 0:01:10]} 13. Na4 {[%emt 0:00:05]} Nxa4 {[%emt 0:07:13]} 14. Qxa4 {[%emt 0:00:03]} Bg4 {[%emt 0:03:17]} 15. Rhe1 {[%emt 0:08:44]} O-O {[%emt 0:02:55]} 16. Kb1 {[%emt 0:00:51]} Rfe8 {[%emt 0:28:55]} 17. Qc2 {[%emt 0:03:48]} Bxe2 {[%emt 0:04:47]} 18. Rxe2 {[%emt 0:00:18]} Qh4 {[%emt 0:03:09]} 19. f3 {[%emt 0:03:59]} Nf6 {[%emt 0:05:20]} 20. g3 {[%emt 0:02:36]} Qh5 {[%emt 0:01:19]} 21. Rf1 {[%emt 0:04:52]} Rad8 {[%emt 0:01:32]} 22. Ree1 {[%emt 0:00:01]} Rd7 {[%emt 0:05:20]} 23. Qf2 {[%emt 0:03:19]} Nh7 {[%emt 0:07:22]} 24. h4 {[%emt 0:06:46]} f6 {[%emt 0:05:00]} 25. g4 {[%emt 0:03:19]} Qf7 {[%emt 0:00:04]} 26. Qc2 {[%emt 0:01:11]} Nf8 {[%emt 0:00:31]} 27. h5 {[%emt 0:00:18]} Rde7 {[%emt 0:01:05]} 28. Qd2 {[%emt 0:05:41]} Qe6 {[%emt 0:00:52]} 29. Bc2 {[%emt 0:01:05]} Qd6 {[%emt 0:01:13]} 30. Rg1 {[%emt 0:03:54]} Ne6 {[%emt 0:05:48]} 31. f4 {[%emt 0:00:17]} Nf8 {[%emt 0:03:21]} 32. Rg3 {[%emt 0:03:40]} Nd7 {[%emt 0:04:55]} 33. Reg1 {[%emt 0:02:01]} Rf8 {[%emt 0:00:32]} 34. Qd3 {[%emt 0:01:36]} Re4 {[%emt 0:01:53]} 35. Qf1 {[%emt 0:06:25]} Re7 {[%emt 0:00:36]} 36. Qh3 {[%emt 0:00:11]} c5 {[%emt 0:02:22]} 37. g5 {[%emt 0:00:05]} fxg5 {[%emt 0:00:17]} 38. fxg5 {[%emt 0:00:02]} cxd4 {[%emt 0:00:20]} 39. exd4 {[%emt 0:01:24]} Rf2 {[%emt 0:00:58]} 40. gxh6 {[%emt 0:00:00]} Qxh6 {[%emt 0:00:00]} 41. Rg5 {[%emt 0:04:22]} Qxg5 {[%emt 0:01:36]} 0-1